Normal view
MARC view
- تاليف الجباوي،فهد أحمد
Entry Personal Name
001 - CONTROL NUMBER
- control field: 23873
003 - CONTROL NUMBER IDENTIFIER
- control field: JO-AjAnu
005 - DATE AND TIME OF LATEST TRANSACTION
- control field: 20230606074111.0
008 - FIXED-LENGTH DATA ELEMENTS
- fixed length control field: 230606|| aca||aabn | a|a d
040 ## - CATALOGING SOURCE
- Original cataloging agency: JO-AjAnu
- Transcribing agency: JO-AjAnu
100 ## - HEADING--PERSONAL NAME
- Personal name: تاليف الجباوي،فهد أحمد
670 ## - SOURCE DATA FOUND
- Source citation: Work cat.: (JO-AjAnu)12274: تاليف الجباوي،فهد أحمد, author, العربية كما تعلمها الأولون :صيغ وأساليب لا قواعد وأعاريب